Zákon o sociálně-právní ochraně dětí : komentář /

Hlavní autor: Novotná, Věra
Další autoři: Burdová, Eva, Brabenec, František
Jazyk: Čeština
Vydáno: Praha : Linde, 2000
Témata:
Externí odkaz: Digitalizovaný dokument
Fyzický popis: 277 s. ; 24 cm
Knihy
Uloženo v:
LEADER 01641nam a2200433 a 4500
001 000479593
003 CZ BrMZK
005 20070606150418.0
007 ta
008 000115s2000 xr e l cze d
015 |a cnb000965818 
020 |a 80-86131-26-2 
035 |a (OCoLC)45372036 
040 |a BOA001  |b cze 
043 |a e-xr--- 
072 7 |a 349  |x Pracovní, sociální, stavební právo. Právo životního prostředí  |2 Konspekt  |9 16 
080 |a 349.3-053.2  |2 MRF 
080 |a 349.3  |2 MRF 
080 |a 347.61/.64  |2 MRF 
080 |a 342.726-053.2  |2 MRF 
080 |a (437.3)  |2 MRF 
080 |a (094.5)  |2 MRF 
080 |a (0.072)  |2 MRF 
100 1 |a Novotná, Věra  |7 jn20010309328  |4 aut 
245 1 0 |a Zákon o sociálně-právní ochraně dětí :  |b komentář /  |c Věra Novotná, Eva Burdová, František Brabenec. 
260 |a Praha :  |b Linde,  |c 2000 
300 |a 277 s. ;  |c 24 cm 
650 0 7 |a sociálně-právní ochrana dětí  |7 ph297054  |z Česko  |2 czenas 
650 0 7 |a právo sociálního zabezpečení  |7 ph115917  |z Česko  |2 czenas 
650 0 7 |a rodinné právo  |7 ph116052  |z Česko  |2 czenas 
650 0 7 |a práva dětí  |7 ph124706  |z Česko  |2 czenas 
655 7 |a zákony  |7 fd133886  |2 czenas 
655 7 |a komentáře  |7 fd132578  |2 czenas 
700 1 |a Burdová, Eva  |7 mzk2003180470  |4 aut 
700 1 |a Brabenec, František  |7 mzk2010572343  |4 aut 
856 4 1 |u http://www.digitalniknihovna.cz/mzk/uuid/uuid:8d0f1600-4a88-11e2-abe9-005056827e51  |y Digitalizovaný dokument  |x NDK 
910 |a BOA001  |b 2-1072.952 
990 |a BK 
996 6 |b 2610114884  |c 2-1072.952  |l MZK  |r Sklad / do 1 hodiny  |n 6  |p p.v.  |w 000479593  |u 000010  |a 1  |e BOA001  |j MZK50  |s P